| 000 | 01237nam a2200337 a 4500 | ||
|---|---|---|---|
| 001 | BRCA_8561 | ||
| 003 | FranzMayer | ||
| 005 | 20230728121405.0 | ||
| 008 | 170816s1662----sp-#######---#000-0#lat-# | ||
| 040 |
_aMFM _besp _cMFM |
||
| 041 | _alat | ||
| 044 | _asp | ||
| 050 | 4 |
_aKBR2155 _b.G73 |
|
| 100 | 1 |
_aGraña Nieto, Antonio _921444 |
|
| 245 | 1 | 0 |
_aCatena ivrivm vtrivsque ivrisprvdentiae _cAntonio Graña Nieto. |
| 260 |
_aMatriti _bApud melchiorem sanchez _c1662 |
||
| 300 |
_aTIII, 388 p. _c28 cm |
||
| 500 | _aFondo antiguo | ||
| 500 | _aSe encuentra en Caja Fuerte | ||
| 500 | _as/no. | ||
| 500 | _aIncluye índice | ||
| 500 | _aContiene fe de erratas, tassa y suma del privilegio | ||
| 500 | _aTexto impreso a dos columnas | ||
| 500 | _aEstado físico: daño por polilla en las páginas 169-196 | ||
| 500 | _aNota de encuadernación: en piel pergamino | ||
| 505 | 0 | _acvm triplici indice, primo titvlorvm, et capitvm, quae releguntur, secundo textuum, qui obiter illustrantur, tertio verborum, & rerum quae in toto opere con inentur | |
| 506 | 0 | _aFondo reservado: para su consulta es necesario credencial de usuario y carta de motivos | |
| 650 | 1 | 4 |
_aDerecho canónico _921260 |
| 902 | _aLAR | ||
| 942 |
_2lcc _cB |
||
| 999 |
_c8224 _d8224 |
||